imgonnagetyouback (Lyrics)- Taylor Swift - Statistics

General Stats
  • This quiz has been taken 32 times
  • The average score is 348 of 397
Answer Stats
Answer % Correct
a
95%
back
95%
be
95%
But
95%
but
95%
get
95%
gonna
95%
Gonna
95%
I
95%
if
95%
I'm
95%
in
95%
it
95%
it's
95%
one
95%
or
95%
Or
95%
that
95%
the
95%
you
95%
your
95%
an
91%
bike
91%
can
91%
decided
91%
Even
91%
hand
91%
handcuffed
91%
haven't
91%
hear
91%
here
91%
into
91%
leavin'
91%
me
91%
my
91%
smash
91%
to
91%
up
91%
We
91%
wife
91%
with
91%
yet
91%
And
86%
and
86%
eyes
86%
fits
86%
house
86%
I'll
86%
just
86%
Lilac
86%
love
86%
make
86%
mine
86%
not
86%
Say
86%
say
86%
short
86%
skirt
86%
still
86%
Take
86%
take
86%
Then
86%
too
86%
were
86%
we're
86%
when
86%
Whether
86%
whispers
86%
Aston
82%
babe
82%
button
82%
either
82%
feel
82%
got
82%
honey
82%
like
82%
Martin
82%
never
82%
new
82%
out
82%
Pick
82%
poison
82%
reset
82%
same
82%
skin
82%
somebody
82%
something
82%
tell
82%
thing
82%
think
82%
twice
82%
way
82%
will
82%
at
77%
becomin'
77%
body
77%
closet
77%
coming
77%
Did
77%
did
77%
ditch
77%
end
77%
goin'
77%
hate
77%
knew
77%
might
77%
move
77%
off
77%
party
77%
price
77%
Push
77%
research
77%
someone
77%
'til
77%
touch
77%
upper
77%
wanna
77%
wants
77%
You'll
77%
bar
73%
clean
73%
come
73%
curse
73%
don't
73%
dumb
73%
face
73%
find
73%
fix
73%
funny
73%
game
73%
hid
73%
humming
73%
leave
73%
Once
73%
play
73%
Pull
73%
ran
73%
script
73%
something's
73%
straight
73%
what
73%
bygone
68%
Bygones
68%
care
68%
eras
68%
fadin'
68%
Flip
68%
flip
68%
friends
68%
gray
68%
Standin'
68%
steered
68%
Told
68%
act
64%
all
64%
big
64%
bubbly
59%
pieces
59%
Small
59%
broke
55%
talk
55%
No matching quizzes found
Score Distribution
Percent of People with Each Score
Percentile by Number Answered
Your Score History
You have not taken this quiz